| 000 | 00629nam a2200217Ia 4500 | ||
|---|---|---|---|
| 003 | BUBTL | ||
| 008 | 151213s9999 xx 000 0 und d | ||
| 020 | _a0256137277 | ||
| 082 | _a658.8/ P4412m/ 1995 | ||
| 100 |
_aPeter,Paul J. _92673 |
||
| 245 |
_aMarketing Management: Knowledge and Skills/ _cJ. Paul Peter, James H. Donnelly |
||
| 250 | _a4th | ||
| 260 |
_aLondon _bIrwin _cc1995 |
||
| 300 |
_a[xiii], 864p.: _b23cm. |
||
| 500 | _aIncludes Index | ||
| 650 |
_aMarketing _92674 |
||
| 700 |
_aJ. Paul Peter, James H. Donnelly _92675 |
||
| 856 |
_k0 _l0 _yDownload |
||
| 942 |
_2ddc _cBK |
||
| 999 |
_c1853 _d1853 |
||